000 00741nam a22002057a 4500
999 _c19693
_d19693
003 AR-CdUCM
008 190225b ||||| |||| 00| 0 spa d
040 _aMUNICIPALIDAD PROVINCIAL DEL CUSCO
_cBIBLIOTECA MUNICIPAL DEL CUSCO
082 _a985 /
_bT17
100 _aTamayo Herrera, José
_911513
245 _aNuevo compendio de historia del Perú /
260 _aLima :
_bCentro de Estudios País y Región,
_c1995.
300 _a408 páginas ;
_c24 cm.
505 _aContenido : Epoca pre-Incaica-- Época Incaica -- Epoca colonial -- Epoca republicana...
650 _aEtapa de la autonomía
_941188
650 _aEtapa de la dependencia
_941189
650 _aTiempos contemporáneos
_941190
942 _2ddc
_cLIBROS
945 _arcc